Las relaciones entre México y El Vaticano /

Publicación de documentos históricos relativos a las relaciones que sostuvo México con el Vaticano durante el siglo XIX y principios del XX. Joaquín Ramírez Cabañas hace un estudio histórico al inicio de este volumen.

Furkejuvvon:
Bibliográfalaš dieđut
Váldodahkki: Ramírez Cabañas, Joaquín (autor)
Materiálatiipa: Girji
Giella:espánnjágiella
Ráidu:(Archivo Histórico Diplomático Mexicano ; 27)
Fáttát:
Fáddágilkorat: Lasit fáddágilkoriid
Eai fáddágilkorat, Lasit vuosttaš fáddágilkora!

MARC

LEADER 00000nam^a2200000^a^4500
001 000121194
005 20250521000000.0
009 20260310094419.878
037 |a Acervo ITESO - Biblioteca 
041 |a ESP 
082 |a 972. 04  |b RAM 
100 |a Ramírez Cabañas, Joaquín  |e (autor) 
245 1 4 |a Las relaciones entre México y El Vaticano /  |c J. Ramírez Cabañas. 
264 |a México :  |b Secretaría de Relaciones Exteriores,  |c 1928 
300 |a XCIV, 238 p. 
336 |a texto  |b txt  |2 rdacontenido 
337 |a sin mediación  |b n  |2 rdamedio 
338 |a volumen  |b nc  |2 rdasoporte 
440 1 |a (Archivo Histórico Diplomático Mexicano ;  |v 27) 
520 |a Publicación de documentos históricos relativos a las relaciones que sostuvo México con el Vaticano durante el siglo XIX y principios del XX. Joaquín Ramírez Cabañas hace un estudio histórico al inicio de este volumen. 
649 |a XX 
650 |a Relaciones Internacionales -  |z México-Vaticano (Ciudad) -  |x Historia 
650 |a Política y Religión -  |z México -  |x Historia 
650 |a Iglesia y Estado -  |z México -  |x Historia 
650 |a Política Exterior -  |z México -  |x Historia 
650 |a Iglesia Católica en México -  |x Historia 
650 |a Iglesia Católica en México -  |x Condiciones Políticas 
650 |a Iglesia Católica en México -  |x Documentos 
650 |a Política -  |z México -  |x Historia 
650 |a México -  |x Historia -  |x Documentos 
650 |a México -  |x Historia 
650 |a Vaticano (Ciudad) -  |x Historia 
910 |a Fondo Salvador Reynoso Reynoso 
920 |a Impresos - Libros 
930 |a Fondos Especiales 
905 |a 112 
901 |a 0800006021  |b IT2  |c ESP  |u 20250521 
902 |a https://opac.biblio.iteso.mx/vufind/Record/000121194